BIBLIOTHÈQUE DE LA MAISON DU MEXIQUE

Logo 1 Logo 2

Vidas de algunos mexicanos ilustres (notice nᵒ 1354)

détails MARC
000 -Sello discográfico
campo de control de longitud fija 01234nam a2200349 4500
005 - Identificación de versión
campo de control 20260324151006.0
010 ## - Número Estándar Internacional de Libros (ISBN)
Número (ISBN) 968-36-0562-1 (v.1)
035 ## - Otros números de control del sistema
Número de control del sistema 19013
099 ## - fechas locales
Tipo de ítem Koha LIBRO
100 ## - Datos de procesamiento general
Datos de procesamiento general 19970328d1988 m y1spay5003 ba
105 ## - Campo de datos codificados: Material textual, monográfico
Datos codificados de monografía y 001zy
200 1# - Título y mención de responsabilidad
Título propio Vidas de algunos mexicanos ilustres
Designación general del material texto impreso
Primer mención de responsabilidad Juan Luis Maneiro
Declaración de responsabilidad subsiguiente traducción Alberto Valenzuela Rodarte
-- estudio introductorio y apéndice Ignacio Osorio Romero
205 ## - Declaración de edición
Declaración de edición 1a ed
210 ## - Publicación, distribución, etc.
Lugar de publicación, distribución, etc. México
Nombre del editor, distribuidor, etc. Universidad Nacional Autónoma de México
Fecha de publicación, distribución, etc. 1988
215 ## - Descripción física
Designación de material específico y extensión del ítem v
Dimensiones 21 cm
300 ## - Notas generales
Texto de la nota La biblioteca cuenta únicamente con el v.1
345 ## - Nota de información de adquisición
Fuente de adquisición/dirección de la suscripción [OBSOLETO] Donación de la UNAM
410 #1 - Series
Título Cuadernos del Centro de Estudios Clásicos
Número de volumen 24
606 ## - Término temático usado como materia
Elemento de entrada Estadistas mexicanos
Subdivisión temática Biografías
Número Koha 2976
606 ## - Término temático usado como materia
Elemento de entrada Intelectuales
Subdivisión geográfica México
Número Koha 1641
660 ## - Código de área geográfica
Código MX
700 ## - Nombre personal - Responsabilidad primaria
Elemento de entrada Maneiro
Parte del nombre distinta del elemento de entrada Juan Luis
Fechas 1744-1802
Número Koha 424
702 ## - Nombre personal - Responsabilidad secundaria
Elemento de entrada Osorio Romero
Parte del nombre distinta del elemento de entrada Ignacio
Fechas 1941-1991
Número Koha 448
702 ## - Nombre personal - Responsabilidad secundaria
Elemento de entrada Valenzuela Rodarte
Parte del nombre distinta del elemento de entrada Alberto
Número Koha 3496
801 #0 - Fuente de origen
Agencia cm
900 ## -
-- 1/13437
900 ## -
-- 710972912\\280397
942 ## - ELEMENTOS DE ENTRADA SECUNDARIOS (KOHA)
Tipo de ítem Koha Livre
996 ## -
-- MEX
-- 751145101
-- MMAG
-- 005611
-- 920.972 M274V V.1
-- 20211221LIV
Exemplaires
Estatus retirado Estado de daño Estado de pérdida Fecha de adquisición Biblioteca de origen Biblioteca actual Ubicación en estantería Código de barras Precio de reemplazo Signatura topográfica completa No para préstamo Tipo de ítem Koha Nota pública Nota no pública
      05/08/2025 Casa México Paris Casa México Paris   005611 05/08/2025 920.972 M274V V.1   Livre 20211221LIV 751145101